| 000 | 01294nam a22003857a 4500 | ||
|---|---|---|---|
| 003 | CHAP | ||
| 005 | 20220329141717.0 | ||
| 008 | 971013s1977 r 00010 d | ||
| 010 | _a72622 | ||
| 011 | _a73594 | ||
| 035 | _a83152 | ||
| 040 | _cCHAP | ||
| 090 | _aTesis | ||
| 100 | 0 | 0 |
_aCanales de Suárez, María Cristina. _918275 |
| 245 | _aAlgunos cambios ocurridos en maíz (Zea mays L.) bajo domesticación | ||
| 260 |
_aChapingo, Méx. : _bEl autor, _c1977 |
||
| 300 |
_a87 p. _b: ilus. ; gráfs |
||
| 500 | _ac.4 en bodega | ||
| 502 | _aTesis (M.C. Esp. en Genética) -- ENA. Colegio de Postgraduados. Rama de Genética | ||
| 590 |
_aALEPH _b10 _c20130110 _lUCH01 _h1413 |
||
| 590 |
_aBATCH-UPD _b10 _c20130110 _lUCH01 _h0826 |
||
| 590 |
_aBATCH-UPD _b10 _c20130410 _lUCH01 _h0504 |
||
| 590 |
_aBATCH-UPD _b10 _c20130914 _lUCH01 _h1754 |
||
| 590 |
_aCONVERSION _b10 _c20130109 _lUCH01 _h1340 |
||
| 650 | 1 | 4 |
_aMaíz _xEfecto del medio ambiente. _970935 |
| 650 | 1 | 4 |
_aMaíz _xFloración. _970959 |
| 650 | 1 | 4 |
_aMaíz _xGenética. _970963 |
| 650 | 1 | 4 |
_aMaíz _xOrigen. _971030 |
| 650 | 1 | 4 |
_aTeocintle. _9112290 |
| 901 | _aBK | ||
| 942 | _cFOLL | ||
| 949 |
_bBC _cTES _d-37536 _eTS1 _i83152 _si |
||
| 949 |
_bBC _cTES _d-37537 _eTS2 _fc.2 _i83152 _si |
||
| 949 |
_bBC _cTES _d-37538 _eTS2 _fc.3 _i83152 _si |
||
| 999 |
_c72622 _d72622 |
||